| 000 | 00524nam a2200205Ia 4500 | ||
|---|---|---|---|
| 005 | 20240304100529.0 | ||
| 008 | 140110s9999 xx 000 0 und d | ||
| 020 |
_a9788120320550 _cRs.350.00 |
||
| 040 | _aLoreto College | ||
| 041 | _aEnglish | ||
| 082 |
_a004.03 _bMIC |
||
| 245 | _aMicrosoft computer dictionary | ||
| 250 | _a5th ed | ||
| 260 |
_aNew Delhi _bPHI Learning _c2009 |
||
| 300 | _aix,637p | ||
| 504 | _aIncludes appendices | ||
| 650 | _aComputer science - Dictionary | ||
| 850 | _aLCLIB | ||
| 942 | _cBK | ||
| 999 |
_c36182 _d86661 |
||